Perkhemahan

Bibliographic Details
Main Author: Muhamad Ismail Ahmad
Format: Book
Published: Selangor : Flo Enterprise , 2004
Series:Siri Pendidikan jasmani dan kesihatan
Subjects:

MARC

LEADER 00000cam a2200000 7i4500
001 0000007100
005 20151222.0
008 070828
020 |a 9679714640 
020 |a 9679714683 (set) 
090 0 0 |a JF   |b HEA MAL (6948) 
100 0 |a Muhamad Ismail Ahmad 
245 1 0 |a Perkhemahan   |c Muhamad Ismail Ahmad 
260 |a Selangor :   |b Flo Enterprise ,   |c 2004 
440 |a Siri Pendidikan jasmani dan kesihatan 
500 |a Children ages 7-9 years old (orange) 
650 0 |a Health   |x Education 
999 |a 0000860121   |b Book   |c Adult Collection   |e Cawangan Muar 
999 |a 0000920991   |b Book   |c Children Collection   |e Cawangan Bukit Gambir 
999 |a 0000920992   |b Book   |c Children Collection   |e Cawangan Bukit Gambir 
999 |a 0000920993   |b Book   |c Children Collection   |e Cawangan Bukit Gambir 
999 |a 0000930993   |b Book   |c Children Collection   |e Cawangan Tangkak 
999 |a 0000930994   |b Book   |c Children Collection   |e Cawangan Tangkak 
999 |a 0000930995   |b Book   |c Children Collection   |e Cawangan Tangkak 
999 |a 0000988620   |b Book   |c Children Collection   |e Cawangan Taman Universiti 
999 |a 0000988621   |b Book   |c Children Collection   |e Cawangan Bukit Gambir 
999 |a 0000988622   |b Book   |c Children Collection   |e Perbadanan Perpustakaan Awam Johor 
999 |a 0000988623   |b Book   |c Children Collection   |e Cawangan Pontian 
999 |a 0000988624   |b Book   |c Children Collection   |e Perbadanan Perpustakaan Awam Johor